[Event "VIII Open A"]
[Site "Bergamo ITA"]
[Date "2009.07.18"]
[Round "3"]
[White "Rusev, Krasimir"]
[Black "Epishin, Vladimir V."]
[Result "1/2-1/2"]
[WhiteElo "2543"]
[BlackElo "2592"]
[PlyCount "37"]
[EventDate "2009.07.17"]

1. d4 d5 2. Nf3 Nf6 3. c4 dxc4 4. e3 g6 5. Bxc4 Bg7 6. Nc3 O-O 7. O-O Nc6 8. b3
Ne8 9. Bb2 Nd6 10. Be2 e5 11. dxe5 Nxe5 12. Qc2 Bf5 13. e4 Nxe4 14. Nxe4 Bxe4
15. Qxe4 Nxf3+ 16. Bxf3 Bxb2 17. Rad1 Qc8 18. Rd2 Ba3 19. Qxb7 1/2-1/2

[Event "VIII Open A"]
[Site "Bergamo ITA"]
[Date "2009.07.18"]
[Round "3"]
[White "Salvador, Roland"]
[Black "Locci, Damiano"]
[Result "0-1"]
[WhiteElo "2447"]
[BlackElo "2119"]
[PlyCount "66"]
[EventDate "2009.07.17"]

1. d4 d5 2. Nf3 Nf6 3. c4 e6 4. Nc3 c6 5. e3 Nbd7 6. Bd3 a6 7. a4 Bd6 8. O-O
Qe7 9. e4 dxc4 10. Bxc4 e5 11. Bg5 O-O 12. Ba2 exd4 13. Nxd4 Ne5 14. Bxf6 Qxf6
15. Nf5 Bxf5 16. exf5 Qh6 17. f4 Bc5+ 18. Kh1 Rad8 19. Qe2 Nd3 20. Rad1 Nxf4
21. Qc4 Rxd1 22. Rxd1 Bd6 23. g3 Nh5 24. Ne4 Bc7 25. Rd7 b5 26. Qc5 Ba5 27. b4
Nf6 28. Rb7 Rd8 29. Nf2 Ng4 30. Nxg4 Qh3 31. Bxf7+ Kh8 32. Ne5 Qf1+ 33. Qg1
Qxf5 0-1

[Event "VIII Open A"]
[Site "Bergamo ITA"]
[Date "2009.07.18"]
[Round "3"]
[White "Scarabelli, Maurizio"]
[Black "Cardani, Roberto"]
[Result "0-1"]
[WhiteElo "1916"]
[BlackElo "1950"]
[PlyCount "74"]
[EventDate "2009.07.17"]

1. e4 c5 2. Nf3 d6 3. d4 cxd4 4. Nxd4 Nf6 5. Nc3 a6 6. Bg5 e6 7. f4 Qb6 8. Qd2
Qxb2 9. Rb1 Qa3 10. e5 dxe5 11. fxe5 Nfd7 12. Bc4 Bb4 13. Rb3 Qa5 14. O-O O-O
15. Rfb1 Bxc3 16. Rxc3 Nxe5 17. Bb3 Nbc6 18. Nxc6 Nxc6 19. Rf1 Bd7 20. Bf6 Ne5
21. Rg3 Qb6+ 22. Kh1 Ng6 23. Rh3 e5 24. Qxd7 gxf6 25. Qf5 Kg7 26. Qh5 Rh8 27.
Qh6+ Kg8 28. Rhf3 Rd8 29. h4 Rd4 30. Rg3 f5 31. h5 Rh4+ 32. Rh3 Qf6 33. Rd1
Rxh3+ 34. gxh3 Qh4 35. Bxf7+ Kxf7 36. Rd3 Ne7 37. Rd6 Qxh3+ 0-1

[Event "VIII Open A"]
[Site "Bergamo ITA"]
[Date "2009.07.18"]
[Round "3"]
[White "Sumets, Andrey"]
[Black "Sbarra, Marco"]
[Result "1-0"]
[WhiteElo "2595"]
[BlackElo "2219"]
[PlyCount "65"]
[EventDate "2009.07.17"]

1. d4 d5 2. c4 e6 3. Nf3 c5 4. e3 Nf6 5. Nc3 a6 6. a3 dxc4 7. Bxc4 b5 8. Bd3
Bb7 9. dxc5 Bxc5 10. b4 Be7 11. O-O Nbd7 12. Bb2 Rc8 13. Qe2 Qc7 14. Rac1 Qb8
15. Nb1 O-O 16. Nbd2 Rxc1 17. Rxc1 Rc8 18. Rd1 Nd5 19. Nb3 N7f6 20. Qe1 Nb6 21.
Na5 Bxf3 22. gxf3 Na4 23. Ba1 Qa8 24. Kg2 Nb6 25. Rc1 Rxc1 26. Qxc1 Qd5 27. Bd4
Qg5+ 28. Kf1 Nbd7 29. Qc8+ Nf8 30. Nc6 N6d7 31. Nxe7+ Qxe7 32. Qxa6 e5 33. Bb2
1-0

[Event "VIII Open A"]
[Site "Bergamo ITA"]
[Date "2009.07.18"]
[Round "3"]
[White "Zanetti, Alberto"]
[Black "Castrogiovanni, Carlo"]
[Result "1-0"]
[WhiteElo "2190"]
[BlackElo "2020"]
[PlyCount "69"]
[EventDate "2009.07.17"]

1. e4 c5 2. d4 cxd4 3. c3 dxc3 4. Nxc3 e6 5. Nf3 Nc6 6. Bc4 Qc7 7. O-O Nf6 8.
g3 a6 9. Bf4 d6 10. Rc1 Be7 11. Qe2 O-O 12. Rfd1 Ne5 13. Bb3 Qb8 14. Nxe5 dxe5
15. Be3 b5 16. f3 Bb7 17. a4 b4 18. Nb1 Rd8 19. Nd2 a5 20. Bc4 Bc6 21. b3 Qb7
22. Bb5 Bxb5 23. Qxb5 Qxb5 24. axb5 Rd3 25. Kf2 Ne8 26. b6 Rad8 27. Ke2 R3d4
28. Bxd4 exd4 29. e5 f6 30. b7 Rb8 31. Rc8 Rxb7 32. Rxe8+ Kf7 33. Ra8 Rb5 34.
Nc4 fxe5 35. Rxa5 1-0

[Event "VIII Open A"]
[Site "Bergamo ITA"]
[Date "2009.07.18"]
[Round "4"]
[White "Arnaudov, G. Petar"]
[Black "Rusev, Krasimir"]
[Result "0-1"]
[WhiteElo "2443"]
[BlackElo "2543"]
[PlyCount "73"]
[EventDate "2009.07.17"]

1. e4 c5 2. Nf3 d6 3. d4 Nf6 4. Nc3 cxd4 5. Nxd4 Nc6 6. Bg5 Bd7 7. Qd2 Rc8 8.
O-O-O Nxd4 9. Qxd4 Qa5 10. f4 Rxc3 11. bxc3 e5 12. Qb4 Qxb4 13. cxb4 Nxe4 14.
Re1 d5 15. Bd3 Bxb4 16. Bxe4 Bxe1 17. Rxe1 dxe4 18. Rxe4 f6 19. Bh4 Bc6 20. Re2
e4 21. Kd2 Kf7 22. a3 Rd8+ 23. Ke3 Rd1 24. Re1 Rd5 25. Bf2 Ra5 26. Ra1 Rc5 27.
Kd2 Rh5 28. h4 e3+ 29. Kxe3 Bxg2 30. Kd3 Bc6 31. c4 Ra5 32. c5 Ra4 33. Be3 Ke6
34. Bd2 g6 35. Bb4 Kd5 36. f5 gxf5 37. Rf1 0-1

[Event "VIII Open A"]
[Site "Bergamo ITA"]
[Date "2009.07.18"]
[Round "4"]
[White "Bojkov, Dejan"]
[Black "Pomaro, Alberto"]
[Result "1-0"]
[WhiteElo "2521"]
[BlackElo "2284"]
[PlyCount "67"]
[EventDate "2009.07.17"]

1. e4 e6 2. d3 d5 3. Nd2 Nf6 4. Ngf3 Nc6 5. c3 a5 6. e5 Nd7 7. d4 f6 8. exf6
Nxf6 9. Bb5 Bd7 10. O-O Bd6 11. Re1 O-O 12. Nf1 Na7 13. Bd3 c5 14. Ng3 Nc6 15.
Bb1 cxd4 16. cxd4 Qb6 17. Re2 a4 18. Bg5 a3 19. b3 Rac8 20. Be3 Qc7 21. Bd3 Nb4
22. Rc1 Qb8 23. Bb1 Bb5 24. Re1 Ne4 25. Rxc8 Rxc8 26. Nxe4 dxe4 27. Bxe4 Nxa2
28. Ng5 g6 29. Qg4 Be8 30. Qxe6+ Kg7 31. Bd5 Bxh2+ 32. Kh1 Bf4 33. Qe7+ Kh6 34.
Ne6 1-0

[Event "VIII Open A"]
[Site "Bergamo ITA"]
[Date "2009.07.18"]
[Round "4"]
[White "Cardani, Roberto"]
[Black "Molina, Fabrizio"]
[Result "0-1"]
[WhiteElo "1950"]
[BlackElo "2245"]
[PlyCount "60"]
[EventDate "2009.07.17"]

1. e4 d6 2. d4 Nf6 3. Nc3 Nbd7 4. Nf3 e5 5. Bc4 Be7 6. O-O O-O 7. Re1 c6 8. a4
b6 9. d5 cxd5 10. Nxd5 Nxd5 11. Bxd5 Rb8 12. b3 Ba6 13. Bc6 Nf6 14. Ba3 Qc7 15.
Bb5 Bb7 16. Bd3 Rbd8 17. Qe2 Kh8 18. c4 Nh5 19. g3 g6 20. Rad1 Ng7 21. Bb2 Kg8
22. Bb1 f5 23. h4 Qc6 24. Ng5 h6 25. Nh3 Ne6 26. Qd2 Kh7 27. f4 Nc5 28. b4 Nxe4
29. Bxe4 fxe4 30. Qd5 Qc8 0-1

[Event "VIII Open A"]
[Site "Bergamo ITA"]
[Date "2009.07.18"]
[Round "4"]
[White "D'Alessio, Angelo"]
[Black "Scarabelli, Maurizio"]
[Result "1-0"]
[WhiteElo "2044"]
[BlackElo "1916"]
[PlyCount "81"]
[EventDate "2009.07.17"]

1. e4 c5 2. Nf3 e6 3. d4 cxd4 4. Nxd4 a6 5. Bd3 Qc7 6. O-O Nf6 7. Nc3 Be7 8.
Qe2 d6 9. Be3 Nbd7 10. Kh1 b6 11. f3 Bb7 12. Rad1 O-O 13. Qf2 d5 14. exd5 Nxd5
15. Nxd5 Bxd5 16. c4 Bb7 17. b3 Nf6 18. Qh4 g6 19. Bg5 Kg7 20. Qh6+ Kg8 21. Qh4
Kg7 22. Bh6+ Kg8 23. Bxf8 Rxf8 24. Qe1 Bc5 25. Be4 Bxe4 26. fxe4 Ng4 27. e5
Nxe5 28. h3 Bxd4 29. Rxd4 Nc6 30. Rd2 Ne7 31. Rf3 Nf5 32. Kg1 e5 33. Rd5 Nd4
34. Rf2 f6 35. Qb4 Nf5 36. g4 a5 37. Qa3 Ne3 38. Rd3 Nxg4 39. hxg4 e4 40. Qd6
Qf7 41. Re3 1-0

[Event "VIII Open A"]
[Site "Bergamo ITA"]
[Date "2009.07.18"]
[Round "4"]
[White "Damia, Angelo"]
[Black "Gromovs, Sergejs"]
[Result "1/2-1/2"]
[WhiteElo "2291"]
[BlackElo "2339"]
[PlyCount "24"]
[EventDate "2009.07.17"]

1. d4 Nf6 2. Bg5 Ne4 3. Bf4 e6 4. f3 Bd6 5. Bxd6 Nxd6 6. e4 f5 7. e5 Nf7 8. Qd2
O-O 9. f4 d5 10. Nf3 b6 11. c3 Ba6 12. Na3 Bxf1 1/2-1/2

[Event "VIII Open A"]
[Site "Bergamo ITA"]
[Date "2009.07.18"]
[Round "4"]
[White "Epishin, Vladimir V."]
[Black "Vezzosi, Paolo"]
[Result "1/2-1/2"]
[WhiteElo "2592"]
[BlackElo "2372"]
[PlyCount "117"]
[EventDate "2009.07.17"]

1. d4 d6 2. g3 g6 3. Bg2 Bg7 4. Nf3 Nf6 5. O-O O-O 6. a4 Nc6 7. a5 e5 8. a6 e4
9. Nfd2 Re8 10. axb7 Bxb7 11. Nb3 Rb8 12. Bg5 h6 13. Bxf6 Qxf6 14. e3 d5 15.
N1d2 Bf8 16. c4 Nb4 17. Rxa7 Ba6 18. Nc5 Bxc5 19. dxc5 Qxb2 20. Rxc7 Rec8 21.
Rxc8+ Rxc8 22. Qc1 Qxc1 23. Rxc1 Nd3 24. Ra1 Bxc4 25. Nxc4 dxc4 26. Bxe4 Nxc5
27. Bc2 Rb8 28. Ra5 Nb3 29. Ra2 Kg7 30. Kf1 g5 31. Ke1 Rb6 32. Ra4 Rc6 33. h4
gxh4 34. gxh4 Rc5 35. f4 Rc6 36. Rb4 Rc5 37. Ra4 Rc6 38. Kf2 Rc5 39. Kf3 Nd2+
40. Ke2 Nb3 41. Kf2 Nd2 42. Ke2 Nb3 43. Ke1 Rc6 44. Rb4 Rc5 45. Bxb3 cxb3 46.
Rxb3 Rh5 47. Kf2 Rxh4 48. Kg3 Rh1 49. Kg4 Rg1+ 50. Kf5 Rg6 51. e4 Rf6+ 52. Kg4
Rg6+ 53. Kh5 Rc6 54. e5 f6 55. Rg3+ Kf7 56. Rg6 Re6 57. exf6 Rxf6 58. Rxf6+
Kxf6 59. Kxh6 1/2-1/2

[Event "VIII Open A"]
[Site "Bergamo ITA"]
[Date "2009.07.18"]
[Round "4"]
[White "Gatterer, Florian"]
[Black "Fischer, Marc"]
[Result "1/2-1/2"]
[WhiteElo "2323"]
[BlackElo "2224"]
[PlyCount "53"]
[EventDate "2009.07.17"]

1. c4 Nf6 2. g3 c6 3. Bg2 d5 4. Nf3 g6 5. b3 Bg7 6. Bb2 dxc4 7. bxc4 Qb6 8. Bd4
c5 9. Bc3 O-O 10. d3 Nc6 11. Nbd2 Qc7 12. O-O b6 13. Qc1 Bb7 14. Qb2 Rfd8 15.
Nb3 Ne8 16. Rab1 Rab8 17. Bxg7 Nxg7 18. Rfe1 Nf5 19. a3 Nfd4 20. Nfxd4 Nxd4 21.
Bxb7 Nxb3 22. Qxb3 Qxb7 23. a4 e5 24. a5 e4 25. axb6 axb6 26. Qc3 Rd4 27. Rb3
1/2-1/2

[Event "VIII Open A"]
[Site "Bergamo ITA"]
[Date "2009.07.18"]
[Round "4"]
[White "Giannetta, Paolo"]
[Black "Tiengo, Davide"]
[Result "0-1"]
[WhiteElo "1930"]
[BlackElo "2118"]
[PlyCount "70"]
[EventDate "2009.07.17"]

1. Nf3 c5 2. b3 d6 3. Bb2 Nf6 4. g3 Nc6 5. Bg2 g6 6. c4 Bg7 7. O-O O-O 8. d3
Bg4 9. h3 Bd7 10. Nc3 Rb8 11. Qd2 Re8 12. e3 a6 13. Ng5 Qa5 14. Rfd1 b5 15. Nd5
Qxd2 16. Rxd2 Nxd5 17. Bxg7 Nxe3 18. fxe3 Kxg7 19. Rf1 f6 20. Bxc6 Bxc6 21.
Ne6+ Kf7 22. Nf4 bxc4 23. dxc4 Rb7 24. h4 h5 25. Nd5 Bxd5 26. Rxd5 a5 27. e4
Ke6 28. Rf3 a4 29. Rc3 axb3 30. axb3 Ra8 31. Kf2 Ra3 32. Rdd3 Rba7 33. Kf3 Ra1
34. Rd2 R7a2 35. Rdd3 Rf1+ 0-1

[Event "VIII Open A"]
[Site "Bergamo ITA"]
[Date "2009.07.18"]
[Round "4"]
[White "Kimbin, Richard Conrod"]
[Black "Salvador, Roland"]
[Result "0-1"]
[WhiteElo "1907"]
[BlackElo "2447"]
[PlyCount "52"]
[EventDate "2009.07.17"]

1. e4 c5 2. Nf3 Nc6 3. d3 g6 4. g3 Bg7 5. Bg2 Nf6 6. O-O d5 7. Nbd2 dxe4 8.
dxe4 O-O 9. c3 b6 10. Re1 Qc7 11. Qe2 a5 12. Nf1 Ba6 13. c4 e5 14. b3 a4 15.
Bb2 Nd4 16. Nxd4 cxd4 17. f4 Rfd8 18. fxe5 Qxe5 19. Rad1 axb3 20. axb3 b5 21.
cxb5 Bxb5 22. Qf3 Ra2 23. Ba1 h5 24. Ne3 Rxa1 25. Rxa1 dxe3 26. Ra5 e2 0-1

[Event "VIII Open A"]
[Site "Bergamo ITA"]
[Date "2009.07.18"]
[Round "4"]
[White "Mola, Pietro"]
[Black "Lalic, Bogdan"]
[Result "1/2-1/2"]
[WhiteElo "2255"]
[BlackElo "2517"]
[PlyCount "38"]
[EventDate "2009.07.17"]

1. Nf3 d5 2. c4 dxc4 3. Na3 a6 4. Nxc4 b5 5. Ne3 Bb7 6. g3 Nf6 7. Bg2 e6 8. O-O
Be7 9. a4 Nbd7 10. axb5 axb5 11. Rxa8 Qxa8 12. Qc2 c5 13. b3 O-O 14. Bb2 Rc8
15. Ra1 Qb8 16. d3 h6 17. Qc3 Ne8 18. Ng4 h5 19. Ne3 Bf6 1/2-1/2

[Event "VIII Open A"]
[Site "Bergamo ITA"]
[Date "2009.07.18"]
[Round "4"]
[White "Piantoni, Roberto"]
[Black "Pinto, Antonio"]
[Result "1-0"]
[WhiteElo "2111"]
[BlackElo "1935"]
[PlyCount "77"]
[EventDate "2009.07.17"]

1. d4 Nf6 2. Nf3 g6 3. Bf4 Bg7 4. e3 O-O 5. h3 d6 6. Be2 Nbd7 7. O-O Qe8 8. Bh2
e5 9. c4 Ne4 10. Qc2 f5 11. Na3 a6 12. Rac1 c5 13. dxe5 dxe5 14. Nb1 b6 15.
Rfd1 Bb7 16. Nfd2 Nd6 17. Nc3 Nf7 18. a4 Ng5 19. Nd5 Bxd5 20. cxd5 f4 21. exf4
exf4 22. Re1 Qf7 23. h4 f3 24. Nxf3 Nxf3+ 25. Bxf3 Qf6 26. d6 Rad8 27. Qc4+ Kh8
28. b3 Qd4 29. Rcd1 Qxc4 30. bxc4 Bd4 31. Re7 Bf6 32. Bg3 Rfe8 33. Ree1 Bd4 34.
Bc6 Rxe1+ 35. Rxe1 Nf6 36. Re7 Kg8 37. d7 Kf8 38. Bd6 Nxd7 39. Rxd7+ 1-0

[Event "VIII Open A"]
[Site "Bergamo ITA"]
[Date "2009.07.18"]
[Round "4"]
[White "Piro, Valerio"]
[Black "Bolico, Exfelicos"]
[Result "1/2-1/2"]
[WhiteElo "2068"]
[BlackElo "2190"]
[PlyCount "81"]
[EventDate "2009.07.17"]

1. Nf3 Nf6 2. c4 g6 3. g3 Bg7 4. Bg2 d6 5. O-O O-O 6. Nc3 e5 7. d3 h6 8. Rb1
Nbd7 9. b4 a5 10. b5 Rb8 11. Ba3 Ne8 12. Nd5 c6 13. bxc6 bxc6 14. Rxb8 Nxb8 15.
Ne3 f5 16. Qa4 f4 17. Nc2 Bd7 18. Rb1 Na6 19. Nd2 c5 20. Qb3 Nb4 21. Bxb4 axb4
22. a3 bxa3 23. Qxa3 fxg3 24. hxg3 h5 25. Qa6 Bf5 26. Qa8 Qg5 27. Nf3 Qf6 28.
Rb8 Nc7 29. Rxf8+ Bxf8 30. Qc6 Ne6 31. Ne3 Nd8 32. Qc7 Ne6 33. Qc6 Nd8 34. Qe8
Qe7 35. Qxe7 Bxe7 36. Nxf5 gxf5 37. Bh3 f4 38. Nd2 fxg3 39. fxg3 Kg7 40. Ne4
Nf7 41. Kg2 1/2-1/2

[Event "VIII Open A"]
[Site "Bergamo ITA"]
[Date "2009.07.18"]
[Round "4"]
[White "Regorda, Massimiliano"]
[Black "Aghayev, Miragha"]
[Result "1-0"]
[WhiteElo "1920"]
[BlackElo "2106"]
[PlyCount "53"]
[EventDate "2009.07.17"]

1. e4 c5 2. Nf3 d6 3. Bb5+ Nd7 4. d4 cxd4 5. Nxd4 Ngf6 6. Nc3 a6 7. Bxd7+ Bxd7
8. O-O e6 9. Bg5 Be7 10. Nf3 Bc6 11. e5 Nd5 12. Bxe7 Kxe7 13. Nxd5+ Bxd5 14.
Qe2 dxe5 15. Nxe5 f6 16. Nf3 Qc7 17. b3 Qc3 18. Rfe1 Kf7 19. Rad1 Rhe8 20. Rd3
Qc7 21. c4 Bc6 22. Nd4 e5 23. Nxc6 bxc6 24. Qh5+ Kg8 25. Red1 Rad8 26. Rd7 g6
27. Qxh7+ 1-0

[Event "VIII Open A"]
[Site "Bergamo ITA"]
[Date "2009.07.18"]
[Round "4"]
[White "Sbarra, Marco"]
[Black "Del Noce, Roberto"]
[Result "1-0"]
[WhiteElo "2219"]
[BlackElo "1857"]
[PlyCount "87"]
[EventDate "2009.07.17"]

1. d4 d5 2. c4 e6 3. Nc3 Nf6 4. cxd5 exd5 5. Bg5 Be7 6. e3 h6 7. Bf4 O-O 8. Bd3
Re8 9. Nf3 c6 10. h3 Bb4 11. O-O Bxc3 12. bxc3 Ne4 13. c4 dxc4 14. Bxc4 Be6 15.
Bd3 Bd5 16. Qc2 Nd7 17. Rab1 b6 18. Rfd1 Nef6 19. Ne5 Nxe5 20. dxe5 Nh5 21. Bh2
Qh4 22. f4 g6 23. e4 Be6 24. f5 gxf5 25. exf5 Bd5 26. Qd2 Qg5 27. Qf2 Kh8 28.
Rb4 Rg8 29. Rg4 Qe7 30. f6 Qc5 31. Qxc5 bxc5 32. Rxg8+ Rxg8 33. g4 c4 34. Bf1
Be6 35. Rc1 Nxf6 36. exf6 h5 37. Bxc4 hxg4 38. Bxe6 g3 39. Bb3 gxh2+ 40. Kxh2
Rc8 41. Rc5 Rc7 42. Kg3 Kh7 43. Bc2+ Kh6 44. Kg4 1-0

[Event "VIII Open A"]
[Site "Bergamo ITA"]
[Date "2009.07.18"]
[Round "4"]
[White "Solodovnichenko, Yuri"]
[Black "Rombaldoni, Axel"]
[Result "1-0"]
[WhiteElo "2596"]
[BlackElo "2425"]
[PlyCount "100"]
[EventDate "2009.07.17"]

1. e4 c5 2. Nf3 Nc6 3. d4 cxd4 4. Nxd4 Nf6 5. Nc3 d6 6. Bg5 e6 7. Qd2 a6 8.
O-O-O Nxd4 9. Qxd4 Be7 10. f4 b5 11. Bxf6 gxf6 12. Be2 Rb8 13. Bf3 b4 14. Ne2
Qb6 15. Qd2 a5 16. f5 e5 17. Ng3 a4 18. Kb1 Bb7 19. Qh6 a3 20. Nh5 Qd8 21. Rd2
d5 22. Be2 Qd6 23. Bc4 d4 24. Re1 axb2 25. Ng7+ Kd8 26. Bxf7 b3 27. Bxb3 Ba6
28. Ne6+ Kd7 29. Red1 Rb4 30. c3 Rxb3 31. axb3 Qa3 32. Rxb2 Bb7 33. Qe3 Qa8 34.
Ra2 Bxe4+ 35. Rd3 Qd5 36. Ra7+ Kd6 37. Nxd4 exd4 38. Qg3+ Qe5 39. Kb2 Bxd3 40.
Qxd3 Rc8 41. Ra4 Kd7 42. Rxd4+ Ke8 43. g3 Kf8 44. b4 Qe1 45. Qd2 Qf1 46. Qh6+
Kg8 47. Rg4+ Kf7 48. Qxh7+ Ke8 49. Qg8+ Bf8 50. Qe6+ Kd8 1-0

[Event "VIII Open A"]
[Site "Bergamo ITA"]
[Date "2009.07.18"]
[Round "4"]
[White "Vishanji, Adrian"]
[Black "Astengo, Marcello"]
[Result "0-1"]
[WhiteElo "1941"]
[BlackElo "2117"]
[PlyCount "76"]
[EventDate "2009.07.17"]

1. e4 e6 2. d4 d5 3. Nc3 Bb4 4. e5 Bd7 5. Qg4 Bf8 6. Bd3 c5 7. dxc5 Qc7 8. Nf3
Qxc5 9. Be3 Qb4 10. Bd4 Nh6 11. Qf4 Nc6 12. O-O-O Be7 13. Kb1 g5 14. Nxg5 Qxd4
15. Qxd4 Nxd4 16. Nxh7 Ng4 17. f4 Nf2 18. h3 O-O-O 19. g4 Rdg8 20. g5 Rg7 21.
Nf6 Rh4 22. Ng4 Nxd1 23. Nxd1 Bb5 24. Bxb5 Nxb5 25. Nde3 Rgh7 26. a4 Nd4 27. c4
dxc4 28. Nxc4 Rxh3 29. Rxh3 Rxh3 30. Nh6 Rf3 31. Nxf7 Rxf4 32. g6 Rf1+ 33. Ka2
Rg1 34. Ncd6+ Bxd6 35. exd6 Nc6 36. Nh8 Ne5 37. Nf7 Nxf7 38. gxf7 Rf1 0-1

[Event "VIII Open A"]
[Site "Bergamo ITA"]
[Date "2009.07.19"]
[Round "5"]
[White "Aghayev, Miragha"]
[Black "Kimbin, Richard Conrod"]
[Result "1-0"]
[WhiteElo "2106"]
[BlackElo "1907"]
[PlyCount "47"]
[EventDate "2009.07.17"]

1. e4 c5 2. Nf3 d6 3. d4 cxd4 4. Nxd4 Nf6 5. Nc3 g6 6. Be3 Bg7 7. f3 O-O 8. Qd2
Nc6 9. O-O-O Bd7 10. g4 a6 11. h4 b5 12. Kb1 Ne5 13. h5 Nc4 14. Bxc4 bxc4 15.
Bh6 Rb8 16. Bxg7 Qb6 17. b3 Kxg7 18. hxg6 fxg6 19. Qh6+ Kf7 20. g5 Ng8 21.
Qxh7+ Ke8 22. Qxg6+ Kd8 23. Rh8 cxb3 24. cxb3 1-0

[Event "VIII Open A"]
[Site "Bergamo ITA"]
[Date "2009.07.19"]
[Round "5"]
[White "Astengo, Marcello"]
[Black "Bove, Alessandro"]
[Result "0-1"]
[WhiteElo "2117"]
[BlackElo "2305"]
[PlyCount "50"]
[EventDate "2009.07.17"]

1. d4 Nf6 2. c4 c5 3. d5 e6 4. Nc3 exd5 5. cxd5 d6 6. e4 g6 7. Bd3 Bg7 8. Nf3
O-O 9. O-O Bg4 10. h3 Bxf3 11. Qxf3 a6 12. a4 Nbd7 13. Qe2 Re8 14. f4 Rb8 15.
a5 Qc7 16. Ra4 b5 17. axb6 Nxb6 18. Rxa6 c4 19. Bc2 Nbxd5 20. Rd1 Nxc3 21. bxc3
Nxe4 22. Qf1 Qc5+ 23. Kh2 d5 24. f5 Be5+ 25. g3 Nxg3 0-1

[Event "VIII Open A"]
[Site "Bergamo ITA"]
[Date "2009.07.19"]
[Round "5"]
[White "Bolico, Exfelicos"]
[Black "Stips, Felix"]
[Result "0-1"]
[WhiteElo "2190"]
[BlackElo "2240"]
[PlyCount "50"]
[EventDate "2009.07.17"]

1. d4 d5 2. Nf3 Nf6 3. g3 e6 4. Bg2 Be7 5. O-O O-O 6. c4 dxc4 7. Nbd2 Bd7 8.
Ne5 Bc6 9. Nxc6 Nxc6 10. Bxc6 bxc6 11. Nxc4 Qd5 12. Qd3 Rfd8 13. Bf4 Rac8 14.
Ne5 Nd7 15. Nf3 c5 16. Rfc1 c6 17. e4 Qh5 18. Kg2 g5 19. Be3 g4 20. Ne1 cxd4
21. Bxd4 Ne5 22. Bxe5 Rxd3 23. Nxd3 Rd8 24. Rc3 Rxd3 25. Rxd3 Qxe5 0-1

[Event "VIII Open A"]
[Site "Bergamo ITA"]
[Date "2009.07.19"]
[Round "5"]
[White "Borgo, Giulio"]
[Black "Vezzosi, Paolo"]
[Result "1/2-1/2"]
[WhiteElo "2433"]
[BlackElo "2372"]
[PlyCount "136"]
[EventDate "2009.07.17"]

1. Nf3 Nf6 2. c4 g6 3. b3 Bg7 4. Bb2 O-O 5. g3 c6 6. Bg2 d5 7. O-O Nbd7 8. Qc2
Re8 9. Nc3 dxc4 10. bxc4 e5 11. Na4 Qc7 12. d3 Nb6 13. Nd2 Bg4 14. Nc3 Nbd7 15.
Rab1 Nc5 16. Ba3 Bf8 17. Qb2 Rab8 18. Nb3 Nfd7 19. Qc1 Bf5 20. Qe3 b6 21. Bb2
Rbc8 22. h3 h5 23. Qf3 Bg7 24. g4 hxg4 25. hxg4 Be6 26. Qh3 Bf6 27. Bc1 Qd8 28.
Bh6 Bg5 29. f3 Rc7 30. Nd2 f5 31. gxf5 Bxf5 32. Qh2 Nf8 33. Bxg5 Qxg5 34. f4
exf4 35. Qxf4 Qxf4 36. Rxf4 Nfe6 37. Rh4 g5 38. Rh2 Nf4 39. Rf1 Kg7 40. Nde4
Bxe4 41. Bxe4 Nxe4 42. Nxe4 Re5 43. Kf2 Rce7 44. Rg1 Rf5 45. Ke1 Ree5 46. Kd2
Ra5 47. Ke3 Ne6 48. Rgh1 Nf8 49. Rg2 Ne6 50. Rgh2 Nf8 51. Rh6 c5 52. Rc6 Rxa2
53. Rg1 Re5 54. Rc7+ Kg6 55. Rf1 Ne6 56. Rf6+ Kh5 57. Rh7+ Kg4 58. Kf2 Nd4 59.
Kf1 Rf5+ 60. Rxf5 Kxf5 61. e3 Nc2 62. Ke2 Nb4+ 63. Nd2 Ra3 64. d4 Nc2 65. dxc5
bxc5 66. Rc7 Nxe3 67. Nb1 Rb3 68. Nd2 Ra3 1/2-1/2

[Event "VIII Open A"]
[Site "Bergamo ITA"]
[Date "2009.07.19"]
[Round "5"]
[White "Borsos, Bogdan"]
[Black "Lazic, Miroljub"]
[Result "1/2-1/2"]
[WhiteElo "2289"]
[BlackElo "2454"]
[PlyCount "40"]
[EventDate "2009.07.17"]

1. e4 c6 2. d4 d6 3. Bd3 e5 4. Ne2 Nf6 5. c4 Nbd7 6. Nbc3 g6 7. O-O exd4 8.
Nxd4 Bg7 9. Bf4 Ne5 10. Be2 O-O 11. Re1 Re8 12. Qd2 a6 13. Rad1 Qc7 14. Rc1 b6
15. b4 Bb7 16. Nb3 c5 17. f3 cxb4 18. Nd5 Bxd5 19. cxd5 Qa7 20. Qxb4 b5+
1/2-1/2

[Event "VIII Open A"]
[Site "Bergamo ITA"]
[Date "2009.07.19"]
[Round "5"]
[White "Corbellini, Nicola"]
[Black "Vishanji, Adrian"]
[Result "1/2-1/2"]
[WhiteElo "1964"]
[BlackElo "1941"]
[PlyCount "59"]
[EventDate "2009.07.17"]

1. e4 e5 2. Nf3 Nc6 3. Bb5 a6 4. Ba4 Nf6 5. O-O b5 6. Bb3 Be7 7. Re1 O-O 8. h3
d6 9. c3 Bb7 10. d4 Re8 11. Nbd2 Bf8 12. Bc2 g6 13. Nf1 Bg7 14. Ng3 Rc8 15. Bg5
Nb8 16. a4 Nbd7 17. Qe2 c6 18. Rad1 Qc7 19. Rc1 Nf8 20. Qd2 Ne6 21. Bh6 Bh8 22.
Ng5 Nxg5 23. Qxg5 Qe7 24. dxe5 dxe5 25. Nf5 Qc7 26. Qh4 c5 27. Bg5 Qc6 28. Bh6
Rcd8 29. Rcd1 Qe6 30. Ng3 1/2-1/2

[Event "VIII Open A"]
[Site "Bergamo ITA"]
[Date "2009.07.19"]
[Round "5"]
[White "Del Noce, Roberto"]
[Black "Castrogiovanni, Carlo"]
[Result "1/2-1/2"]
[WhiteElo "1857"]
[BlackElo "2020"]
[PlyCount "65"]
[EventDate "2009.07.17"]

1. e4 c5 2. Nf3 a6 3. d4 cxd4 4. Nxd4 Nf6 5. Nc3 e5 6. Nf5 d5 7. Ng3 d4 8. Nb1
Be6 9. Be2 Bc5 10. O-O O-O 11. Kh1 Nc6 12. f4 exf4 13. Bxf4 Qd7 14. Nd2 Bg4 15.
Nf5 Bxf5 16. exf5 Nd5 17. Ne4 Be7 18. f6 Nxf6 19. Nxf6+ Bxf6 20. Bd3 g6 21. Rf3
Ne5 22. Bxe5 Bxe5 23. Qd2 Rae8 24. Rh3 f6 25. Bc4+ Kh8 26. Rd1 Qc7 27. Bd3 f5
28. Rf1 Rf6 29. Qg5 Qe7 30. Rhf3 Re6 31. Qxe7 R6xe7 32. a4 Bf6 33. g4 1/2-1/2

[Event "VIII Open A"]
[Site "Bergamo ITA"]
[Date "2009.07.19"]
[Round "5"]
[White "Drei, Andrea"]
[Black "Arnaudov, G. Petar"]
[Result "1-0"]
[WhiteElo "2257"]
[BlackElo "2443"]
[PlyCount "123"]
[EventDate "2009.07.17"]

1. e4 c5 2. a3 g6 3. c3 Bg7 4. d4 cxd4 5. cxd4 d5 6. e5 Nh6 7. h4 f6 8. exf6
exf6 9. Bd3 Nc6 10. Ne2 O-O 11. Nbc3 Re8 12. Kf1 Bg4 13. f3 Bf5 14. Bxh6 Bxd3
15. Qxd3 Bxh6 16. h5 Kg7 17. hxg6 hxg6 18. Qb5 Qd7 19. Qxd5 Qxd5 20. Nxd5 Rad8
21. Nxf6 Kxf6 22. Rxh6 Nxd4 23. Nxd4 Rxd4 24. Re1 Rc8 25. Re2 Kg7 26. Rh2 Rd3
27. Kf2 Rb3 28. Rh1 Rc6 29. Rd1 Kf6 30. Red2 Re6 31. Kg3 Reb6 32. Rd6+ Rxd6 33.
Rxd6+ Kg5 34. Rd5+ Kf6 35. Rd2 Kg5 36. Kf2 b5 37. Ke2 a5 38. Kd1 a4 39. Kc2 b4
40. Rd5+ Kf6 41. Rd3 bxa3 42. bxa3 Rb5 43. Rd4 Rc5+ 44. Kd3 Rb5 45. Rxa4 Rb2
46. g3 Ra2 47. Ke4 Kg5 48. Ra5+ Kh6 49. Kf4 Ra1 50. Ra7 Rc1 51. Kg4 Rc3 52. f4
Rd3 53. a4 Rd4 54. a5 Ra4 55. Ra6 Rb4 56. Rb6 Ra4 57. a6 Kg7 58. Kg5 Ra5+ 59.
Kh4 Kh6 60. g4 Kg7 61. g5 Ra3 62. Rb7+ 1-0

[Event "VIII Open A"]
[Site "Bergamo ITA"]
[Date "2009.07.19"]
[Round "5"]
[White "Giannetta, Paolo"]
[Black "Pedini, Dario"]
[Result "0-1"]
[WhiteElo "1930"]
[BlackElo "2164"]
[PlyCount "66"]
[EventDate "2009.07.17"]

1. Nf3 f5 2. d3 d6 3. e4 e5 4. exf5 Bxf5 5. Nc3 c6 6. Be3 Nd7 7. Qe2 Be7 8. Bd2
Qc7 9. h3 d5 10. g4 Bg6 11. Bg2 O-O-O 12. O-O-O Nh6 13. Ng5 Bxg5 14. Bxg5 Rde8
15. Qd2 Nf7 16. Bh4 Nd8 17. Bg3 Ne6 18. Ne2 Rhf8 19. d4 Nf4 20. dxe5 Nxg2 21.
e6 Ne5 22. Qb4 Be4 23. Nc3 Bf3 24. Rde1 Nxe1 25. Rxe1 c5 26. Qa4 Rxe6 27. Nb5
Qe7 28. Nxa7+ Kd8 29. Qa5+ Ke8 30. Re3 d4 31. Qb5+ Bc6 32. Nxc6 bxc6 33. Qb8+
Kf7 0-1